000 00365 a2200169 4500
001 186808
020 _aN85-7442-006-9
040 _cMagnum
100 _aQueiros, Bartolomeu Campos
240 1 0 _aOs cinco sentidos
_lpor
245 1 0 _aOs cinco sentidos
300 _a16
362 0 _a1999
440 1 _aMiguilim
697 _aLITERATURA INFANTO
942 _cBK
999 _c186808
_d186808